Diamonds are deadly.

Saved in:
Bibliographic Details
Format: Book
Language:English
Published: New York, McKay [1969]
LEADER 00695nam a2200205 4500
001 c000073102
003 CARM
005 00000000000000.0
008 700108s1969 nyu 000 1 eng
010 |a 70094499 //r93 
019 1 |a 46497  |5 LACONCORD2021 
035 |a (OCoLC)48067  |5 LACONCORD2021 
050 0 0 |a PZ4.E1374  |b Di3  |a PR6055.A84 
082 0 0 |a 823/.9/14 
245 1 0 |a Diamonds are deadly. 
260 |a New York,  |b McKay  |c [1969] 
300 |a 211 p.  |c 21 cm. 
852 8 |b CARM  |h A2:AB07B0  |i B02414  |p 0102516  |f BK 
999 f f |i 18e1fae3-f81e-5c50-87f0-94ce2b2cf809  |s 6ed7c474-71d5-5ddd-b41c-81fa77699ad2 
952 f f |p Can circulate  |a CAVAL  |b CAVAL  |c CAVAL  |d CARM 1 Store  |e B02414  |f A2:AB07B0  |h Other scheme  |i book  |m 0102516